| 000 | 00721nam a2200229 a 4500 | ||
|---|---|---|---|
| 999 |
_c1465 _d1465 |
||
| 001 | 1465 | ||
| 003 | BD-JhCC | ||
| 005 | 20180313183719.0 | ||
| 008 | 171019s2006 bg |||| ||a| 000 0 ben d | ||
| 020 | _a98485578/49 | ||
| 035 | _a(BD-JhCC)1465 | ||
| 040 |
_aBD-JhCC _dBD-JhCC |
||
| 041 | _aben | ||
| 082 |
_a321.8 _bCHD 2006 |
||
| 100 | _aচৌধুরী, সিরাজুল ইসলাম | ||
| 245 |
_aগনতন্ত্রের অমসৃন পথ / _cসিরাজুল ইসলাম চৌধুরী |
||
| 260 |
_aঢাকা : _bসূচীপত্র প্রকাশনী, _c২০০৬. |
||
| 300 |
_a140 p. : _c21 cm |
||
| 650 | _aDemocracy | ||
| 942 |
_2ddc _cBK |
||